| 000 | 00410 a2200121 4500 | ||
|---|---|---|---|
| 001 | ART_48443 | ||
| 005 | 20260410162024.0 | ||
| 008 | 260409a | ||
| 245 | 1 | 0 | _aAnálisis de la calidad de la edad declarada en los censos de población del Uruguay |
| 100 | 1 | _aNathan, Mathias | |
| 700 | 1 | _aKoolhaas, Martín | |
| 773 | 0 |
_tNotas de población _g- Año XLV, Nº 107 (jul./dic. 2018) _wREV41841 |
|
| 999 |
_c33394 _d33394 |
||